000 00674nam a2200241Ia 4500
003 OSt
005 20220926013152.0
006 a|||||r|||| 00| 0
007 ta
008 220923b |||||||| |||| 00| 0 eng d
037 _cGeneral Book
040 _aRTL
_cRTL
_beng
041 _2eng
_aeng
082 _aS:5, J4
100 _aMaslow A H
_986030
245 0 _aMotivation and personality. Ed by Gardner Murphy
260 _aNew York
_bHarper and Row USA
_c1954
300 _axiv, 411p
_ccm.
500 _aBibliography: P 379-94; Appendixes: P 364-78
650 _aPsychology
942 _hS:5, J4
_cGB
_2CC
999 _c625317
_d625317